Social interactions in urban public places (Record no. 106889)

MARC details
000 -LEADER
fixed length control field 01456cad a22002655a 4500
001 - CONTROL NUMBER
control field L137736
008 - FIXED-LENGTH DATA ELEMENTS--GENERAL INFORMATION
fixed length control field 110623s2007 xxkbo f 000 0 eng d
020 ## - INTERNATIONAL STANDARD BOOK NUMBER
International Standard Book Number 9781861349972
035 ## - SYSTEM CONTROL NUMBER
System control number (Sirsi) u137736
041 0# - LANGUAGE CODE
Language code of text/sound track or separate title eng
050 04 - LIBRARY OF CONGRESS CALL NUMBER
Classification number 711.52 $2 18
100 1# - MAIN ENTRY--PERSONAL NAME
Personal name Holland, Caroline
245 00 - TITLE STATEMENT
Title Social interactions in urban public places
Medium [electronic resource]
260 ## - PUBLICATION, DISTRIBUTION, ETC.
Place of publication, distribution, etc. York
Name of publisher, distributor, etc. Joseph Rowntree Foundation
Date of publication, distribution, etc. 2007
490 #0 - SERIES STATEMENT
Series statement JRF Findings
Volume/sequential designation (2044) April 2007
520 ## - SUMMARY, ETC.
Summary, etc. Based on 200 hours of observation taken in Aylesbury from 2004-5. Finds that different demographics use public spaces at different times of day and for different purposes. Observes the limited effect of displacing undesirable behaviour, and the effect of the reputation on perception of public spaces. Notes that some use such areas for privacy or a sense of territorial ownership. Suggests that better amenities and good management can help all groups feel more comfortable. Observes the effect of different regulatory approaches, and of facilities on different groups. Notes the need for balance between security and a need for a sense of freedom.
590 ## - LOCAL NOTE (RLIN)
Local note KA
651 #4 - SUBJECT ADDED ENTRY--GEOGRAPHIC NAME
Geographic name United Kingdom
Chronological subdivision
690 ## - LOCAL SUBJECT ADDED ENTRY--TOPICAL TERM (OCLC, RLIN)
Topical term or geographic name as entry element BUILT ENVIRONMENT
700 1# - ADDED ENTRY--PERSONAL NAME
Personal name Clark, Andrew
700 1# - ADDED ENTRY--PERSONAL NAME
Personal name Katz, Jeanne
700 1# - ADDED ENTRY--PERSONAL NAME
Personal name Peace, Sheila M
856 48 - ELECTRONIC LOCATION AND ACCESS
Uniform Resource Identifier <a href="https://www.jrf.org.uk/sites/files/jrf/2017-interactions-public-places.pdf">https://www.jrf.org.uk/sites/files/jrf/2017-interactions-public-places.pdf</a>
Public note Viewthe item free of charge at www.jrf.org
942 ## - ADDED ENTRY ELEMENTS (KOHA)
Suppress in OPAC 0
Holdings
Withdrawn status Lost status Source of classification or shelving scheme Damaged status Not for loan Home library Current library Shelving location Date acquired Total Checkouts Full call number Barcode Date last seen Copy number Price effective from Koha item type
    Dewey Decimal Classification     Virtual Virtual Online 25/04/2007   ONLINE PUBLICATION 137736-2001 06/08/2019 1 06/08/2019 Book